000 00664nam a2200205Ia 4500
003 GCL
008 140319s9999 xx 000 0 ara d
040 _aGCL /
_cGCL
082 0 4 _a521
_bم م
100 1 _aمحمد رشاد الدين مصطفى حسين
245 1 0 _aالميكروكمبيوتر وعلم الفلك /
_cمحمد رشاد الدين مصطفى حسين
260 _a[S.N] :
_bدار الراتب الجامعية
490 _a
650 0 4 _aالحاسبات الالكترونية
650 0 4 _aالفلك
650 0 4 _aالساحة الجيودسية
650 0 4 _aالفلك الوصفى
650 0 4 _aباسيك
942 _2ddc
_cBK
999 _c45917
_d45917